Statystyki dla Najwięksi importerzy polskich towarów

Kliknij tutaj aby rozwiązać quiz!

Ogólne statystyki

  • Ten quiz został rozwiązany 96 razy
  • Średni wynik to 5 z 13

Statystyki odpowiedzi

%Państwo% Poprawnych
27,5% (elektryczne, chemiczne, rolne, matalurgiczne)Niemcy
99%
6,4% (elektryczne, rolne, chemiczne)Wielka Brytania
44%
6,4% (elektryczne, matalurgiczne, chemiczne, rolne)Czechy
38%
3% (elektryczne, chemiczne)Rosja
36%
5,6% (elektryczne, chemiczne, rolne)Francja
34%
4,9% (elektryczne, chemiczne, rolne)Włochy
32%
2,8% (elektryczne, chemiczne)Szwecja
29%
4,4% (elektryczne, chemiczne, rolne)Holandia
27%
2,7% (elektryczne, chemiczne)USA
27%
2,5% (elektryczne, chemiczne, rolne, metalurgiczne)Słowacja
24%
2,7% (elektryczne, chemiczne, rolne, metalurgiczne)Hiszpania
23%
2,6% (elektryczne, chemiczne, rolne, metalurgiczne)Węgry
21%
2,2% (elektryczne, chemiczne, rolne, metalurgiczneBelgia
18%

Rozkład punktacji

Percentyl według liczby udzielonych odpowiedzi

Procent ludzi z każdym wynikiem

Twoja historia wyników

Nie rozwiązałeś tego quizu